000 00859nam a2200265 a 4500
001 000038421
003 DO-SdBNP
005 20230203085819.0
007 ta
008 130411s2012 dr r 000 0 spa d
020 _a9789945443813
040 _aDO-SdBNP
_bspa
_cBNPHU
082 _axxxx
_bJ826m
_222
100 1 _aJorge Mustonen, Pablo
_964765
245 1 0 _aMar de recuerdos /
_cPablo Jorge Munstonen.
260 _aSanto Domingo :
_bBanco Central de la República Dominicana,
_c2012.
300 _a143 p. ;
_c22 cm.
490 1 _aBanco Central de la República Dominicana
_v176
490 1 _aArte y ciencia
_v59
500 _aIncluye datos biográficos del autor en las solapas
590 _aInventariado, 2023 / DG
830 0 _aBanco Central de la República Dominicana
_v176
_parte y literatura; 59
_964766
910 _aDG
942 _2ddc
_cLBS1
999 _c37911
_d37911